La Iglesia Universal del Reino de Dios y el ejercicio del poder

Збережено в:
Бібліографічні деталі
Автор: Ferrari, Odemio Antonio (Автор)
Формат: Книга
Мова:Іспанська
Опубліковано: Buenos Aires Claretiana 2011
Редагування:1a. ed
Предмети:
Теги: Додати тег
Немає тегів, Будьте першим, хто поставить тег для цього запису!

MARC

LEADER 00000cam a2200000 a 4500
001 UCE1598
003 CL-VaPUC
008 140502e20110800ag |||||||||||||||||spa|d
020 |a 9789505127535 
082 0 4 |a 289.1  |b FER  |2 21 
100 0 |a Ferrari, Odemio Antonio  |e author  |9 573934 
245 1 3 |a La Iglesia Universal del Reino de Dios y el ejercicio del poder 
250 |a 1a. ed 
300 |a 268 p 
942 |c BK 
945 |d 20140502 10:02:00  |a dcastane 
260 |a Buenos Aires  |b Claretiana  |c 2011 
650 7 |a IGLESIA UNIVERSAL  |2 CL-VaPUC  |9 573671 
650 0 |a Reino de Dios   |9 327654 
583 |a last modification  |c 20140502 10:02:00  |k Rodrigo Vera 
999 |c 355339  |d 355337 
952 |0 0  |1 0  |3 erb  |4 0  |6 289_100000000000000_FER_2011  |7 0  |8 A  |9 462021  |a BIBTEO  |b BIBTEO  |i 5071496  |o 289.1 FER 2011  |p 5071496  |r 2024-01-18  |w 2019-11-23  |y BK  |z Catalogado en:20140502  |k ICR